[Event "AUTO-OPEN-3645"]
[Site "http://www.queenalice.com/game.php?id=1420784"]
[Date "2016.5.1"]
[Round "1"]
[White "Wickboldt"]
[Black "Joao_Dias"]
[Result "1-0"]
[WhiteElo "2043"]
[BlackElo "1825"]

1. d4 d5 2. Bf4 e6 3. Nf3 h6 4. e3 g5 5. Bg3 Bg7 6. c4 c5 7. cxd5 Qxd5 8. Nc3
Qd8 9. Nb5 Na6 10. Rc1 b6 11. Nd6+ Kf8 12. b3 f5 13. Nxc8 Qxc8 14. Be5 Rh7 15.
Bc4 g4 16. Bxg7+ Rxg7 17. Ne5 Nb4 18. a3 Nc6 19. Nxc6 Qxc6 20. O-O h5 21. dxc5
Rd7 22. Qe2 Rad8 23. Bb5 Qd5 24. Bxd7 Rxd7 25. Rfd1 Qb7 26. Rxd7 Qxd7 27. cxb6
axb6 28. Qc4 Ne7 29. b4 h4 30. h3 gxh3 31. gxh3 Ng6 32. Qc8+ Qe8 33. Qxe8+ Kxe8
34. Rc6 f4 35. Rxe6+ Kf7 36. Rxb6 1-0

[Event "AUTO-OPEN-3645"]
[Site "http://www.queenalice.com/game.php?id=1420785"]
[Date "2016.5.1"]
[Round "1"]
[White "Joao_Dias"]
[Black "Wickboldt"]
[Result "0-1"]
[WhiteElo "1845"]
[BlackElo "2046"]

1. e4 e5 2. d3 Bc5 3. Nf3 d6 4. h3 Nf6 5. a3 O-O 6. g4 Nc6 7. g5 Nh5 8. Nxe5
Nxe5 9. Qxh5 Ng6 10. f4 Qe8 11. b4 Bb6 12. f5 Bxf5 13. Be2 Bd7 14. Qf3 f6 15.
gxf6 Rxf6 16. Qg2 Qe5 17. c3 Nf4 18. Bxf4 Qxf4 19. Rf1 Qh4+ 20. Kd1 Bxh3 21. Qh2
Rxf1+ 22. Bxf1 Bg4+ 23. Qe2 Bxe2+ 24. Bxe2 Be3 25. Nd2 Rf8 26. Kc2 Bxd2 27. Kxd2
Rf2 28. Re1 Qf4+ 29. Kd1 h5 0-1

[Event "AUTO-ADV-3638"]
[Site "http://www.queenalice.com/game.php?id=1423041"]
[Date "2016.5.14"]
[Round "1"]
[White "abdoechecs"]
[Black "Joao_Dias"]
[Result "0-1"]
[WhiteElo "1459"]
[BlackElo "1670"]

1. Nf3 d5 2. d4 e6 3. c4 c6 4. cxd5 cxd5 5. Nc3 a6 6. e4 b5 7. exd5 b4 8. Na4
exd5 9. Bd3 g6 10. O-O h5 11. Re1+ Be7 12. Nc5 Kf8 13. Ne5 Bxc5 14. dxc5 Bb7 15.
Qf3 Qf6 16. Bf4 Rh7 17. Rac1 Bc6 18. Nxc6 Nxc6 19. Bd6+ Kg7 20. Qxd5 Rc8 21.
Bxa6 Nge7 22. Qb3 Rd8 23. Bxe7 Nxe7 24. Bb7 Nc6 25. Bxc6 Qxc6 26. Qxb4 Rd5 27.
Qb6 Rd6 28. Qxc6 Rxc6 29. b4 Ra6 0-1

[Event "AUTO-ADV-3638"]
[Site "http://www.queenalice.com/game.php?id=1423042"]
[Date "2016.5.14"]
[Round "1"]
[White "Joao_Dias"]
[Black "abdoechecs"]
[Result "0-1"]
[WhiteElo "1678"]
[BlackElo "1439"]

1. e4 Nc6 2. d4 d5 3. e5 Bf5 4. g4 Bg6 5. h4 h6 6. h5 Bh7 7. Bb5 e6 8. c3 Ne7 9.
Bxc6+ bxc6 10. Qa4 g6 11. g5 Qd7 12. gxh6 gxh5 13. Rxh5 Bg6 14. Rh2 Nf5 15. Nf3
O-O-O 16. Qxa7 Qe7 17. Bg5 Qe8 18. Bxd8 Qxd8 19. b4 Bxh6 20. a4 Kd7 21. b5 Qb8
22. Qc5 Qb6 23. bxc6+ Qxc6 24. Qb4 Ra8 25. Nh4 Nxh4 26. Rxh4 Bg5 27. Rg4 Be7 28.
Qb3 Rh8 29. Nd2 Rh1+ 30. Nf1 Bd3 0-1

[Event "AUTO-ADV-3638"]
[Site "http://www.queenalice.com/game.php?id=1423053"]
[Date "2016.5.14"]
[Round "1"]
[White "Christhechessplayer"]
[Black "Joao_Dias"]
[Result "1-0"]
[WhiteElo "2227"]
[BlackElo "1811"]

1. d4 d5 2. Bf4 e6 3. e3 h5 4. h4 c5 5. c3 c4 6. b3 b5 7. a4 cxb3 8. Bxb5+ Bd7
9. Qxb3 Nc6 10. Nf3 f6 11. Qc2 Nce7 12. Bxd7+ Qxd7 13. Nbd2 a5 14. Nb3 Nc6 15.
O-O Nge7 16. Nc5 Qc8 17. Rab1 f5 18. Ng5 Nd8 19. Rb6 Nec6 20. Rfb1 Bxc5 21. dxc5
e5 22. Bh2 e4 23. Nh3 g6 24. Nf4 Ne7 25. Nxg6 Nxg6 26. Rxg6 Qxc5 27. Bd6 Qc6 28.
c4 dxc4 29. Qc3 Nf7 30. Re6+ Kd7 31. Re7+ Kxd6 32. Qf6+ Kc5 33. Rb5+ 1-0

[Event "AUTO-ADV-3638"]
[Site "http://www.queenalice.com/game.php?id=1423054"]
[Date "2016.5.14"]
[Round "1"]
[White "Joao_Dias"]
[Black "Christhechessplayer"]
[Result "0-1"]
[WhiteElo "1864"]
[BlackElo "2110"]

1. e4 c5 2. e5 d6 3. f4 Nc6 4. Nf3 Bg4 5. h3 Bxf3 6. Qxf3 d5 7. Bb5 e6 8. c4 a6
9. Bxc6+ bxc6 10. cxd5 cxd5 11. a4 c4 12. Nc3 Bc5 13. a5 Ne7 14. g4 O-O 15. h4
Nc6 16. d3 Nd4 17. Qg2 cxd3 18. Kf1 Nc2 19. Rh3 f6 20. Rxd3 Nb4 21. Rf3 fxe5 22.
fxe5 Qxh4 23. g5 Rxf3+ 24. Qxf3 Rf8 0-1

[Event "AUTO-ADV-3638"]
[Site "http://www.queenalice.com/game.php?id=1423059"]
[Date "2016.5.14"]
[Round "1"]
[White "Wecker"]
[Black "Joao_Dias"]
[Result "0-1"]
[WhiteElo "1689"]
[BlackElo "1898"]

1. Nc3 e5 2. e4 d6 3. Bc4 Nh6 4. d3 g5 5. Nge2 a6 6. O-O b5 7. Bb3 c5 8. Bd5 Ra7
9. Re1 f5 10. exf5 Nxf5 11. Ng3 h5 12. Nce4 Nxg3 13. Bxg5 Be7 14. Qf3 Nf5 0-1

[Event "AUTO-ADV-3638"]
[Site "http://www.queenalice.com/game.php?id=1423060"]
[Date "2016.5.14"]
[Round "1"]
[White "Joao_Dias"]
[Black "Wecker"]
[Result "0-1"]
[WhiteElo "1833"]
[BlackElo "1792"]

1. e4 e5 2. d3 Bc5 3. a3 f5 4. b4 Bb6 5. c4 c6 6. c5 Bc7 7. exf5 Nf6 8. g4 d5 9.
cxd6 Qxd6 10. g5 Nd5 11. d4 Bxf5 12. Qe2 O-O 13. dxe5 Qxe5 14. Bb2 Qxe2+ 15.
Bxe2 Re8 16. Kf1 Nd7 17. Bc4 Ne5 18. Nd2 Rad8 19. Bxe5 Bxe5 20. Bxd5+ Rxd5 21.
Rd1 Bf4 0-1

[Event "AUTO-OPEN-3652"]
[Site "http://www.queenalice.com/game.php?id=1423144"]
[Date "2016.5.15"]
[Round "1"]
[White "prrrudenz"]
[Black "Joao_Dias"]
[Result "1-0"]
[WhiteElo "2054"]
[BlackElo "1740"]

1. e4 e5 2. Nf3 d6 3. h3 f5 4. d3 f4 5. Nc3 c6 6. Bd2 a5 7. Be2 b5 8. d4 b4 9.
Na4 g5 10. dxe5 dxe5 11. Nxe5 Qc7 12. Nd3 Bb7 13. c3 c5 14. Bf3 c4 15. Nc1 Bc6
16. O-O Nd7 17. Ne2 Qd6 18. Qc2 Rd8 19. Rfd1 Qe6 20. Nd4 Qg6 21. Nxc6 Qxc6 22.
Bh5+ Ke7 23. cxb4 Ngf6 24. Bf3 Ne5 25. bxa5 h5 26. Bb4+ Ke8 27. Rxd8+ 1-0

[Event "AUTO-OPEN-3652"]
[Site "http://www.queenalice.com/game.php?id=1423145"]
[Date "2016.5.15"]
[Round "1"]
[White "Joao_Dias"]
[Black "prrrudenz"]
[Result "0-1"]
[WhiteElo "1737"]
[BlackElo "2057"]

1. e4 e6 2. e5 d5 3. d4 c5 4. c3 Nc6 5. f4 Qb6 6. Ne2 cxd4 7. cxd4 Nge7 8. g4
Bd7 9. a4 Ng6 10. h4 Bb4+ 11. Nbc3 Na5 12. Bd2 Nc4 13. b3 Nxd2 14. Qxd2 Rc8 15.
Rc1 O-O 16. h5 Ne7 17. g5 Qa5 18. g6 h6 19. gxf7+ Rxf7 20. Rg1 Nf5 21. Bh3 Be8
22. Bxf5 Rxf5 23. Qe3 Bxh5 24. Qg3 Rf7 25. Kf2 Bxc3 26. Rxc3 Rxc3 0-1

[Event "AUTO-OPEN-3652"]
[Site "http://www.queenalice.com/game.php?id=1423168"]
[Date "2016.5.15"]
[Round "1"]
[White "VladimirSpirin"]
[Black "Joao_Dias"]
[Result "1-0"]
[WhiteElo "2167"]
[BlackElo "1809"]

1. b3 e5 2. Bb2 e4 3. g3 d5 4. Bg2 f6 5. e3 h5 6. h3 g5 7. Ne2 g4 8. h4 a5 9. a3
b5 10. Nf4 Bf5 11. Qe2 c6 12. O-O Bd6 13. d4 Bxf4 14. exf4 a4 15. b4 Ne7 16. Nc3
Ng6 17. Nd1 Nd7 18. Ne3 Be6 19. f5 Ngf8 20. fxe6 Nxe6 21. Rfd1 Rf8 22. Nf5 Qc7
23. Qd2 Rh8 24. Bc1 Nb6 25. Bf1 O-O-O 26. Qe1 Qa7 27. Qc3 Nc4 28. Ne3 Rhf8 29.
Bg2 f5 30. Nxc4 dxc4 31. Be3 Qg7 32. Qd2 Rd7 33. c3 Rfd8 34. Qc1 Rd5 35. Re1 Kb7
36. Bf1 1-0

[Event "AUTO-OPEN-3652"]
[Site "http://www.queenalice.com/game.php?id=1423169"]
[Date "2016.5.15"]
[Round "1"]
[White "Joao_Dias"]
[Black "VladimirSpirin"]
[Result "0-1"]
[WhiteElo "1839"]
[BlackElo "2183"]

1. e4 b6 2. e5 Bb7 3. d4 e6 4. f4 g6 5. c3 Bg7 6. h4 h5 7. b4 Ne7 8. b5 Nf5 9.
Ne2 Nxh4 10. Rh2 Nf5 11. a4 a5 12. g3 Nh6 13. Nd2 d6 14. Ba3 Ng4 15. Rh3 Ne3 16.
Qc1 Nxf1 17. Kxf1 dxe5 18. fxe5 Bf8 19. c4 Be7 20. c5 bxc5 21. dxc5 c6 22. b6
Qd5 23. Qc3 Bg5 24. Nc4 O-O 25. Nd6 Ba6 26. Ke1 Bxe2 27. Rh2 Bg4 28. Bb2 Nd7 29.
Rc2 Qh1+ 30. Kf2 Qh2+ 31. Ke1 Qg1# 0-1

[Event "AUTO-OPEN-3652"]
[Site "http://www.queenalice.com/game.php?id=1423184"]
[Date "2016.5.15"]
[Round "1"]
[White "Joao_Dias"]
[Black "BobbySponja"]
[Result "0-1"]
[WhiteElo "1891"]
[BlackElo "1814"]

1. e4 e5 2. d3 d6 3. f4 Nc6 4. f5 Nf6 5. g4 Nxe4 6. dxe4 Qh4+ 7. Kd2 Qg5+ 8. Kc3
Qe7 9. Bb5 Bd7 10. Bxc6 Bxc6 11. Qd3 a6 12. Kd2 Qg5+ 13. Qe3 Qe7 14. h4 d5 15.
Nc3 d4 16. Qf3 dxc3+ 17. bxc3 Qc5 18. Ne2 O-O-O+ 19. Ke1 Qd6 20. Be3 f6 21. Kf2
Bb5 22. Rab1 Qc6 23. g5 Bxe2 24. Kxe2 Qxc3 25. Rhc1 Bb4 26. Rb3 Rd2+ 27. Kf1
Qc4+ 28. Rd3 Rxd3 29. cxd3 Qxd3+ 30. Kg2 Rd8 31. Rf1 Qc2+ 32. Rf2 Qc6 33. g6 h6
34. h5 Rd3 35. Re2 Bc5 36. Kf2 Bxe3+ 37. Rxe3 Qc2+ 38. Qe2 Rd2 0-1

[Event "AUTO-OPEN-3652"]
[Site "http://www.queenalice.com/game.php?id=1423185"]
[Date "2016.5.15"]
[Round "1"]
[White "BobbySponja"]
[Black "Joao_Dias"]
[Result "0-1"]
[WhiteElo "1798"]
[BlackElo "1886"]

1. d4 d5 2. Nf3 e6 3. Nc3 c5 4. dxc5 Bxc5 5. e3 Bb4 6. Bd2 Bxc3 7. Bxc3 f6 8.
Bb5+ Bd7 9. Bxd7+ Nxd7 10. Nd4 Qb6 11. O-O h5 12. Re1 g5 13. Qd3 Ne7 14. e4 e5
15. Nf5 dxe4 16. Qxe4 Nc5 17. Qe2 Nxf5 18. Bxe5 O-O 19. Qxh5 fxe5 20. Qxg5+ Ng7
21. Qxe5 Rae8 22. Qd5+ Nce6 23. Rf1 Rf5 24. Qc4 Ref8 25. Rad1 Rf4 26. Qd3 Rd4
27. Qg3 Rxd1 28. Rxd1 Qxb2 0-1